000 00450nam a2200169Ia 4500
005 20250507130023.0
008 008 250505s9999 xx 000 0 eng d
037 _aBound Volumes
040 _aEASL
_beng
_cEASL
041 _aeng
_2eng
084 _qEASL
245 0 _aBulletin of Association for Japanese Studies in India
260 _aIndia
_bNew Delhi NA India
_c0000
490 _v2
942 _cCR
999 _c1316481
_d1316481